Palmarès de chaque championnat du top 5 européen au 21eme siècle. - Statistiques

Statistiques générales
  • Ce quiz a été pris 86 fois
  • Le résultat moyen est 28 sur 31
Statistiques - réponses
Titres Ligue 1 Années % Correct
10 Paris SG 2013,2014,2015,2016,2018,
2019,2020,2022,2023,2024
100%
11 Barcelone 2005,2006,2009,2010,2011,2013,2015,2016,2018,2019, 2023
99%
2 LOSC Lille 2011,2021
99%
1 Marseille 2010
99%
9 Real Madrid 2001,2003,2007,2008,2012,2017,2020,2022,2024
99%
2 AS Monaco 2000,2017
98%
2 Atletico 2014,2021
98%
7 Lyon 2002,2003,2004,2005,2006,2007,2008
98%
8 Man City 2012,2014,2018,2019,2021,2022,2023,2024
98%
8 Man Utd 2000,2001,2003,2007,2008,2009,2011,2013
98%
3 AC Milan 2004,2011,2022
96%
1 Bayer 04 2024
96%
18 Bayern 2000,2001,2003,2005,2006,2008,2010,2013,2014,2015, 2016,2017,2018,2019,2020, 2021,2022,2023
96%
3 B. Dortmund 2002,2011,2012
96%
5 Chelsea 2005,2006,2010,2015,2017
96%
7 Inter Milan 2006,2007,2008,2009,2010,2021,2024
96%
11 Juventus 2002,2003,2012,2013,2014,2015,2016,2017,2018,2019, 2020
96%
1 Leicester 2016
96%
1 Liverpool 2020
96%
1 Montpellier 2012
94%
2 Arsenal 2002,2004
93%
1 Bordeaux 2009
93%
1 Naples 2023
93%
2 Valence 2002,2004
90%
1 AS Rome 2001
85%
1 FC Nantes 2001
83%
1 Lazio Rome 2000
79%
1 Deportivo 2000
68%
1 SV Werder 2004
65%
1 Wolfsburg 2009
64%
1 Stuttgart 2007
59%
Aucun quiz correspondant
Distribution des résultats
% des personnes avec chaque résultat
Percentile par nombre de réponses
Votre historique - résultats
Vous n’avez pas pris ce quiz